| 000 | 00853nam a2200205Ia 4500 | ||
|---|---|---|---|
| 003 | Ost | ||
| 005 | 20260507075028.0 | ||
| 008 | 260507s9999||||xx |||||||||||||| ||und|| | ||
| 040 | _cfsecg | ||
| 041 | _aara | ||
| 082 | _a330 | ||
| 100 |
_aكوتلر، فيليب _eمؤلف |
||
| 245 | 0 |
_aالتسويق : _bالسلع والأسعار / _c فيليب كوتلر |
|
| 260 |
_aدمشق: _bمنشورات دار علاء الدين, _c2003 |
||
| 300 |
_a296 صفحة؛ _bإيضاحات ؛ _c24 سم |
||
| 520 | _a-السلع،المركات التجراية التعبئة،الخدمات،ابتكار السلع واختيار استراتيجية التسويق،تسويق الخدمات،الأسعار؛استراتيجيات تحديد الاسعار | ||
| 653 | _aادارة المبيعات | ||
| 653 | _aالتسويق | ||
| 942 | _cكتاب | ||
| 999 |
_c42357 _d42357 |
||